| 000 | 00448 a2200157 4500 | ||
|---|---|---|---|
| 005 | 20250429104452.0 | ||
| 020 | _a0-0771-5748-6 | ||
| 082 | _a658.007 BLU | ||
| 100 | _aBLUMBERG, B. F. | ||
| 245 | _aBusiness Research Methods. | ||
| 250 | _a4th Ed. | ||
| 260 |
_aNew York, _bMcGraw Hill, _c2014. |
||
| 300 |
_axix, 619p.: ill.; _bGlossary & Index _c27cm |
||
| 856 |
_yAccess Online Book _fBusiness Research _dwww.mcgraw-hill.co.uk |
||
| 942 |
_2ddc _cBKS |
||
| 999 |
_c1765 _d1765 |
||